000 01619cam a2200361 i 4500
001 13624408
003 EG-ScBUE
005 20241106112258.0
008 040615s2005 njua f b 001 0 eng d
020 _a9780471272144
040 _aDLC
_beng
_erda
_cDLC
_dDLC
_dEG-ScBUE
082 0 4 _a519.2
_222
_bYAT
100 1 _aYates, Roy D.,
_eauthor.
_920281
245 1 0 _aProbability and stochastic processes :
_ba friendly introduction for electrical and computer engineers /
_cRoy D. Yates, Rutgers, The State University of New Jersey, David J. Goodman, Polytechnic University.
250 _aSecond edition.
264 1 _aHoboken, NJ :
_bJohn Wiley & Sons,
_c[2005]
264 4 _cc2005
300 _axvii, 519 pages :
_billustrations ;
_c25 cm
336 _2rdacontent
_atext
_btxt
337 _aunmediated
_2rdamedia
_bn
338 _avolume
_bnc
_2rdacarrier
504 _aIncludes bibliographical references and index.
650 7 _aProbabilities.
_2BUEsh
_920282
650 7 _aStochastic processes.
_2BUEsh
_920283
655 _vReading book
700 1 _aGoodman, David J.,
_d1939-
_eauthor.
_920284
856 4 2 _3Contributor biographical information
_uhttp://www.loc.gov/catdir/bios/wiley047/2004555118.html
856 4 1 _3Table of contents
_uhttp://www.loc.gov/catdir/toc/wiley041/2004555118.html
856 4 2 _3Publisher description
_uhttp://www.loc.gov/catdir/description/wiley041/2004555118.html
942 _2ddc
_cBB
999 _c10140
_d10140